BIBLIOTECA

SENCICO

Antecedentes de dibujo técnico : (Registro nro. 443)

Detalles MARC
000 -LEADER
fixed length control field 01266nam a2200265Ia 4500
003 - CONTROL NUMBER IDENTIFIER
control field PE SENCICO BE
005 - DATE AND TIME OF LATEST TRANSACTION
control field 20251020182438.0
008 - FIXED-LENGTH DATA ELEMENTS--GENERAL INFORMATION
fixed length control field 200515s9999 xx 000 0 und d
020 ## - INTERNATIONAL STANDARD BOOK NUMBER
International Standard Book Number 978-968-24-8019-5
040 ## - CATALOGING SOURCE
Original cataloging agency PE SENCICO BE
Transcribing agency PE SENCICO BE
082 ## - DEWEY DECIMAL CLASSIFICATION NUMBER
Classification number 516.22
Item number G96
100 1# - MAIN ENTRY--PERSONAL NAME
Personal name Gutiérrez Ariza, Alonso
9 (RLIN) 3185
Relator term autor
245 10 - TITLE STATEMENT
Title Antecedentes de dibujo técnico :
Remainder of title geometría plana /
Statement of responsibility, etc. Alonso Gutiérrez Ariza, Joaquín Gutiérrez Guerra, Arturo Aguilar Cuevas
250 ## - EDITION STATEMENT
Edition statement 2a ed.
260 ## - PUBLICATION, DISTRIBUTION, ETC.
Place of publication, distribution, etc. México, D.F. :
Name of publisher, distributor, etc. Trillas ;
Date of publication, distribution, etc. 2007
300 ## - PHYSICAL DESCRIPTION
Extent 86 páginas :
Other physical details diagramas ;
Dimensions 23 cm.
505 0# - FORMATTED CONTENTS NOTE
Formatted contents note Ángulos en el plano -- Triángulos en el plano -- Cuadriláteros en el plano -- Polígonos regulares en el plano -- Circunferencia -- Sólidos -- Lugares geométricos en el plano -- Simetría en el plano -- Trigonometría -- Curvas planas no circulares
520 ## - SUMMARY, ETC.
Summary, etc. Contiene: Geometría plana, conceptos básicos, ángulos en el plano, triángulos en el plano, cuadriláteros, polígonos regulares en el plano
650 10 - SUBJECT ADDED ENTRY--TOPICAL TERM
Topical term or geographic name entry element Geometría
9 (RLIN) 21
650 20 - SUBJECT ADDED ENTRY--TOPICAL TERM
Topical term or geographic name entry element Trigonometría
9 (RLIN) 2104
650 20 - SUBJECT ADDED ENTRY--TOPICAL TERM
Topical term or geographic name entry element Dibujo técnico
9 (RLIN) 336
700 1# - ADDED ENTRY--PERSONAL NAME
9 (RLIN) 3186
Personal name Gutiérrez Guerra, Joaquín
Relator term autor
700 1# - ADDED ENTRY--PERSONAL NAME
9 (RLIN) 3187
Personal name Aguilar Cuevas, Arturo
Relator term autor
942 ## - ADDED ENTRY ELEMENTS (KOHA)
Koha item type Libros
Source of classification or shelving scheme Dewey Decimal Classification
Existencias
Fecha de la última vez que lo usaron Número de ingreso o de inventario Pago total Signatura topográfica completa Código de barras Precio efectivo desde Tipo de documento Estado perdido Sistema de clasificación Estado dañado No es para préstamo Retirado Ubicación permanente Ubicación actual Fecha de adquisición
15/05/2020 14190   516.22/G96/2007 BibLima25070009 15/05/2020 Libros   Dewey Decimal Classification       Biblioteca Central Lima Biblioteca Central Lima 15/05/2020